Inauguració del curs 2014-2015 : 27 d'octubre de 2014, 19 h : Teatre Ovidi Montllor 27 d'octubre de 2014, 19 h : Teatre Ovidi Montllor
Descripción Física:
1 díptic ; 15 x 21 cm
Idioma:
Catalán
MARC
| LEADER | 00000nam a22000007a 4500 | ||
|---|---|---|---|
| 001 | 27880 | ||
| 003 | Arxiu | ||
| 005 | 20260324181516.0 | ||
| 008 | 230516b spa||||| |||| 00| 0 cat d | ||
| 017 | |a B 23999-2014 | ||
| 040 | |a agdb |b cat | ||
| 245 | |a Inauguració del curs 2014-2015 : |b 27 d'octubre de 2014, 19 h : Teatre Ovidi Montllor | ||
| 260 | |a Barcelona : |b Institut del Teatre : |b Diputació de Barcelona ; |c 2014 | ||
| 300 | |a 1 díptic ; |c 15 x 21 cm | ||
| 610 | 0 | |9 56141 |a Institut del Teatre (Barcelona, Catalunya) |x Ensenyament | |
| 710 | 1 | |9 52662 |a Institut del Teatre (Barcelona, Catalunya) | |
| 710 | 1 | |a Barcelona (Catalunya : Província). |b Diputació |9 52408 | |
| 942 | |2 udc |c ARXIU |n 1 | ||
| 952 | |0 0 |1 0 |2 udc |4 0 |6 FU75104 |7 1 |9 66350 |a Arxiu |b Arxiu |d 2023-05-16 |l 0 |o FU-75-104 |p 27880 |r 2023-05-16 00:00:00 |w 2023-05-16 |y ARXIU | ||
| 999 | |c 83466 |d 83466 | ||